| 000 | 00779cab a2200265 4500 | ||
|---|---|---|---|
| 001 | WB3342-44 | ||
| 008 | 090401t1997 xxu||||| |||| 00| 0 eng d | ||
| 035 | _a(Sirsi) u81766 | ||
| 041 | _aeng | ||
| 245 | _aRural planning | ||
| 260 | _c1997 | ||
| 350 | _a0 | ||
| 490 |
_aEstates Gazette _v(9743) 25 October 1997, 126&127(3) |
||
| 520 | _aConversion of existing buildings in rural areas can still be confusing and restricting, even with the latest PPG7. Advice, case studies. | ||
| 650 | _aBUSINESS USE | ||
| 650 | _aCONVERSION | ||
| 650 | _aFARM BUILDINGS | ||
| 650 | _aPLANNING POLICY GUIDANCE NOTE 2 (GREEN BELTS) | ||
| 650 | _aPPG7 | ||
| 650 | _aRESIDENTIAL USE | ||
| 650 | _aRURAL AREAS | ||
| 690 | _aRURAL PRACTICE | ||
| 942 | _n0 | ||
| 948 | _c29/10/1997 | ||
| 999 |
_c51551 _d51551 |
||